K otázkam komunistické výchovy na mateřské škole

Bibliographic Details
Main Author: Fottová, M. (Author)
Format: Article
Language:Slovak

MARC

LEADER 00000nab a2200000uu 4500
001 vtls011437744
003 SK-MaSNL
005 20260303145629.0
008 230222| xo |||||||||||||||||slo|
015 |a SNBRB 
035 |a (urnnbn)urn:nbn:sk:snk:ar-002lal 
035 |a (uuid)256e58c1-522e-4cdd-9253-6b8138c8acb0 
035 |a urn:nbn:sk:snk-abcctz 
040 |a SNKBUCL  |b slo  |c SNKBUCL  |e AACR2 
041 0 |a slo 
044 |a xo  |c SK 
100 1 |a Fottová, M.  |4 aut  |9 1123177 
245 1 0 |a K otázkam komunistické výchovy na mateřské škole  |c M. Fottová 
773 0 |t Predškolská výchova : pedagogický časopis pre učiteľky materských škôl  |g Roč. 26, č. 10-11 (1971-1972), s. 293-294 
954 |a odborná, vedecká literatúra pôvodná (slovenská)  |2 lita 
958 |a OND 
958 |a EUIPO 
958 |a article16 
999 |c 2004196  |d 2006126